| 000 | 00888nam a2200265Ia 4500 | ||
|---|---|---|---|
| 003 | OSt | ||
| 005 | 20221005104504.0 | ||
| 006 | a|||||r|||| 00| 0 | ||
| 007 | ta | ||
| 008 | 221004b |||||||| |||| 00| 0 pli d | ||
| 024 | _a31749 | ||
| 037 | _cTextual | ||
| 040 |
_aCRL _cCRL _bpli |
||
| 041 |
_2pli _apli |
||
| 082 | _aP1511:3, L7 | ||
| 100 | _aपाण्डेय, रामअवध | ||
| 245 | 0 | _aपालि-व्याकरण | |
| 246 | _aPāli-vyākaraṇa | ||
| 260 |
_aदिल्ली _bमोतीलाल बनारसीदास भारत _c1977 |
||
| 300 |
_a376पृ. _ccm. |
||
| 650 | _aहिन्दी भाषा | ||
| 700 | _a मिश्र, रविनाथ | ||
| 942 |
_hP1511:3, L7 _cTEXL _2cc |
||
| 999 |
_c1012854 _d1012854 |
||